000 00448nam a2200181 a 4500
001 4299
003 CO-ViMGA
008 141112s2004 ck r 000 u spa d
040 _aCO-ViMGA
_bspa
_cCO-ViMGA
082 0 4 _a928.4 C518a
100 1 _aAntoine, Gerald
_954890
245 1 0 _aPaul Claudel
260 _aBarcelona :
_bGedisa,
_c1989
300 _a435 p
490 _aBiografĂ­a
650 1 4 _aCLAUDEL PAUL 1868 - 1955
_954891
942 _2ddc
_cBK
999 _c16312
_d16312